| 000 | 00747nam a2200253Ia 4500 | ||
|---|---|---|---|
| 003 | OSt | ||
| 005 | 20220925225319.0 | ||
| 006 | a|||||r|||| 00| 0 | ||
| 007 | ta | ||
| 008 | 220923b |||||||| |||| 00| 0 eng d | ||
| 037 | _cGeneral Book | ||
| 040 |
_aRTL _cRTL _beng |
||
| 041 |
_2eng _aeng |
||
| 082 | _aY2:3217, L5 | ||
| 100 |
_aMiller Sherod Ed. _9292233 |
||
| 245 | 0 |
_aMarriages and families _b Enrichment through communi |
|
| 260 |
_aLondon _bSage _c1975 |
||
| 300 |
_a125p _ccm. |
||
| 490 | _aSage Contemporary Social Science Issues.20 | ||
| 500 | _aBibliography chapterwise | ||
| 650 |
_aMarriage and Kinship _9230715 |
||
| 942 |
_hY2:3217, L5 _cGB _2CC |
||
| 999 |
_c583289 _d583289 |
||